| 000 | 00000nam##2200000za#4500 |
| 001 | 9.670040 |
| 003 | CaOODSP |
| 005 | 20240314152355 |
| 007 | ta |
| 008 | 150407|2008||||xxc||||| f|0| 0 fre|d |
| 020 | |a978-0-662-06030-7 |
| 040 | |aCaOODSP|bfre |
| 041 | |aeng |
| 041 | |afre |
| 043 | |an-cn--- |
| 086 | 1 |aPS4-58/2008 |
| 110 | 1 |aCanada. |bSécurité publique Canada. |
| 245 | 10|aFacteurs de risque et de protection dans les familles et leurs effets sur la délinquance juvénile: qu'en savons nous? |
| 246 | 17|aJeunes à risque |
| 260 | |bSécurité publique Canada |cc2008. |
| 300 | |aTexte français, 6p. : |bréférences, tableaux ; |c28 cm. |
| 563 | |aCouverture souple |
| 590 | |a09-09|b2009-02-27 |
| 691 | 07|aJeune contrevenant|2gcpds |
| 776 | 0#|tFacteurs de risque et de protection dans les familles et leurs effets sur la délinquance juvénile: ce que nous en savons |w(CaOODSP)9.635243 |
| 776 | 0#|tFamily-based risk and protective factors and their effects on juvenile delinquency: what we know |w(CaOODSP)9.690899 |
| 791 | |tFamily-based risk and protective factors and their effects on juvenile delinquency: what do we know? |eeng|w(CaOODSP)9.670039 |
| 986 | |a2008-JR-01 |